000 00479nam a2200181Ia 4500
008 230917s9999||||xx |||||||||||||| ||und||
020 _cUSD95
040 _e236781
_aMAIN
041 _aEnglish
082 _a570 K689S(2)
100 _aKlipp, Edda
245 0 _aSystems biology: A textbook
250 _a2nd rev. ed.
260 _aWeinheim
_bWiley-VCH
_c2016
300 _axv, 488 p.
500 _a2521 23/12/2016 HBD17/6756 28/12/2016 Main Budget Periodicals
942 _cBK
999 _c20435
_d20435